000 00769nam a22002297a 4500
005 2012080301491.0
008 120803t xxu||||| |||| 00| 0 eng d
010 _aENG-105485
020 _a9788120345829
_c250.00
035 _aEN-89018
037 _bDBAD/PUB
040 _aDPL
_bEng
082 _a351
100 _950692
_aPalekar, S.A.
245 _aDevelopment administration /
_cby S.A. Palekar
260 _aNew Delhi
_bPHI Learning
_c2012
270 _aM-97, Connaught Circus
_bNew Delhi
_e110001
300 _axi,204p.
_c23cm(pbk)
500 _aIncludes bibliographical references and index
942 _2ddc
_cEN
_h351
_mPAL
999 _c68843
_d68843